Consumer Behaviour (Record no. 2116)

MARC details
000 -LEADER
fixed length control field 00383nam a22001697a 4500
005 - DATE AND TIME OF LATEST TRANSACTION
control field 20160530110615.0
008 - FIXED-LENGTH DATA ELEMENTS--GENERAL INFORMATION
fixed length control field 160530b xxu||||| |||| 00| 0 eng d
020 ## - INTERNATIONAL STANDARD BOOK NUMBER
ISBN 0-07-058234-3
041 ## - LANGUAGE CODE
Language code of text/sound track or separate title eng
082 ## - DEWEY DECIMAL CLASSIFICATION NUMBER
Item number 5997
100 ## - MAIN ENTRY--AUTHOR NAME
Personal name Howkens, Prest & Coney
245 ## - TITLE STATEMENT
Title Consumer Behaviour
260 ## - PUBLICATION, DISTRIBUTION, ETC. (IMPRINT)
Name of publisher TMH
Year of publication 2003
300 ## - PHYSICAL DESCRIPTION
Number of Pages 763
650 ## - SUBJECT ADDED ENTRY--TOPICAL TERM
Topical Term Management
942 ## - ADDED ENTRY ELEMENTS (KOHA)
Koha item type Books
Holdings
Lost status Damaged status Collection code Home library Current library Shelving location Date acquired Cost, normal purchase price Full call number Accession Number Koha item type
    MANAGEMENT JRU Library JRU Library SHELF- 66 K 30/05/2016 425.00 5997 5997 Books
    Reference JRU Library   SHELF-30-H 30/05/2016 425.00 5997 5998 Books
    MANAGEMENT JRU Library JRU Library SHELF- 66 K 30/05/2016 425.00 5997 5999 Books
    MANAGEMENT JRU Library JRU Library SHELF- 66 K 30/05/2016 425.00 5997 6000 Books